| 000 | 00791nas a2200265 4500 | ||
|---|---|---|---|
| 001 | BR9204791 | ||
| 003 | BR-BrBNA | ||
| 005 | 20231205092757.0 | ||
| 007 | ta | ||
| 008 | 230509b bl.|||p| |||| 00| 00por d | ||
| 040 |
_aBR-BrBNA _bpor _cBiblioteca Nacional de Agricultura |
||
| 041 | _a(Pt) | ||
| 072 | _aK10 | ||
| 100 | 1 | _aCampos, J.C.C. | |
| 100 | 1 | _aCampos, A.L.A. da S. | |
| 100 | 1 | _aLeite, H.G. | |
| 245 | 1 | _aDecisao silvicultural empregando um sistema de predicao do crescimento e da producao | |
| 650 | _aSILVICULTURA | ||
| 650 | _aCRESCIMENTO | ||
| 650 | _aDENDROMETRIA | ||
| 650 | _aAREA BASAL | ||
| 773 | 0 |
_tRevista Arvore (Brazil) _xISSN 0100-6762 _g(Jul-Dec 1988), v. 12(2) p. 100-110 _wBR9204791 |
|
| 909 |
_a202311 _bLúcia _c55 _dLúcia Elande |
||
| 942 |
_2AGRIS _n0 _cANA |
||
| 999 |
_c134117 _d134117 |
||